000 00759nam a22002411 4500
001 49421
003 BD-RjUL
005 20211209054658.0
008 160820r19681927nyuc b 000 0 eng
035 _a(BD-RjUL)49540
040 _aDLC
_cDLC
_dDLC
_beng
041 _aeng
082 0 0 _a352.008
_bWHC 1968
100 1 _aWhite, Leonard Dupee.
_d1891-1958.
_9142660
245 1 4 _aThe city manager /
_cLeonard Dupee White.
260 _aNew York:
_bGreenwood Press,
_cc1927
_c[Reprinting 1968]
300 _axvii, 355 p.
_bports.
_c23 cm.
504 _aIncludes bibliographical references.
650 0 _aMunicipal government by city manager.
_9148355
650 0 _aMunicipal government
_zUnited States.
_9148356
942 _2ddc
_cBK
999 _c49421
_d49421